• 首页
  • 本馆介绍
  • 公告通知
  • 最新文献
  • 馆藏检索
  • 电子资源
  • 读者导购
  • 参考咨询
  • 我的图书馆
  • 登录
  • 详细信息显示
  • 放入我的书架
  • 预约/预借图书
  • 作者相关作品
  • 分类相关作品
  • 丛书相关作品
  • 出版社相关作品

书目信息

  • 表格格式
  • 工作单格式
  • 卡片格式
题名:
细菌
    
 
作者: (德) 汉诺·夏里修斯 (Hanno Charisius) , (德) 里夏德·弗里贝 (Richard Friebe) 著
分册:  
出版信息: 北京   生活·读书·新知三联书店  2019.1
页数: 152页
开本: 23cm
丛书名:
单 册:
中图分类: Q939.1-49 , Q939.1
科图分类:
主题词: 细菌--普及读物
电子资源:
ISBN: 978-7-108-06463-9
000 01426nam0 2200241 450
001 2159821851
005 20210102163829.91
010    @a978-7-108-06463-9@dCNY45.00
100    @a20190120d2019 em y0chiy0110 ea
101 0  @achi
102    @aCN@b110000
105    @ay z 000yy
200 1  @a细菌@9xi jun@f(德) 汉诺·夏里修斯 (Hanno Charisius) , (德) 里夏德·弗里贝 (Richard Friebe) 著
210    @a北京@c生活·读书·新知三联书店@d2019.1
215    @a152页@d23cm
330    @a人类以为细菌是我们的敌人,欲除之而后快。但过度害怕细菌让人生病,大多数的细菌都是我们生命中的好伙伴,协助对抗肿瘤、肥胖和心血管疾病。当你出生的那一剎那,成千上万的益菌也和你一起出现在这个世界上,它们是你生命中永远的好伙伴。夏里修斯和弗里贝为我们开展了微生物世界的惊奇旅程,厘清人体内生态体系的运作机制,细菌不只影响了我们的消化、情绪、伴侣选择和思考能力,甚至还协助对抗肿瘤、过敏、肥胖症、营养失调、心血管、肠道问题等文明病,过度的消毒杀菌反而让我们面临体内的生态浩劫。我们应该把体内的微生物生态系统当作一座花园细心呵护,善待体内的益菌,和数千亿个好伙伴共度更健康的生活。
606 0  @a细菌@j普及读物
690    @aQ939.1-49@v5
690    @aQ939.1@v4
701  0 @a(德) 汉诺·夏里修斯 (Hanno Charisius)@9han nuo xia li xiu si h a n n o c h a r i s i u s@4著
701  0 @a(德) 里夏德·弗里贝 (Richard Friebe)@9li xia de fu li bei r i c h a r d f r i e b e@4著
801  2 @aCN@bhttp://www.sjzwtrj.cn@c2019-01-20
905    @aZUCC@dQ939.1@e2
    
    细菌/(德) 汉诺·夏里修斯 (Hanno Charisius) , (德) 里夏德·弗里贝 (Richard Friebe) 著.-北京:生活·读书·新知三联书店,2019.1
    152页;23cm
    
    
    ISBN 978-7-108-06463-9:CNY45.00
    人类以为细菌是我们的敌人,欲除之而后快。但过度害怕细菌让人生病,大多数的细菌都是我们生命中的好伙伴,协助对抗肿瘤、肥胖和心血管疾病。当你出生的那一剎那,成千上万的益菌也和你一起出现在这个世界上,它们是你生命中永远的好伙伴。夏里修斯和弗里贝为我们开展了微生物世界的惊奇旅程,厘清人体内生态体系的运作机制,细菌不只影响了我们的消化、情绪、伴侣选择和思考能力,甚至还协助对抗肿瘤、过敏、肥胖症、营养失调、心血管、肠道问题等文明病,过度的消毒杀菌反而让我们面临体内的生态浩劫。我们应该把体内的微生物生态系统当作一座花园细心呵护,善待体内的益菌,和数千亿个好伙伴共度更健康的生活。
●
相关链接 在五车中查询图书 在当当中查询图书 在豆瓣中查询图书


正题名:细菌     索取号:Q939.1/2         预约/预借

序号 登录号 条形码 馆藏地/架位号 状态 备注
1 2000874863   2000874863   第二书库/ [索取号:Q939.1/2] 在馆    
2 2000874864   2000874864   第二书库/ [索取号:Q939.1/2] 在馆    
3 2000874865   2000874865   第二书库/ [索取号:Q939.1/2] 在馆    
山东省滨州职业学院图书馆 欢迎您!
大连网信软件有限公司© 版权所有